00753 2200301 4500001002100000005001500021035002000036007000300056008004100059040001700100100001800117245004200135250001200177300003300189020001800222041000800240082000800248084001400256090002000270260003700290850001000327600001100337500001800348990001900366990002200385990002200407990002200429INLIS00000000000356620260529114324 a0010-0621000098ta260529 0  aSBPUPADbInd0 aBurnie, David1 aJendela Iptek: Cahaya /cDavid Burnie aCet. 2. a64 hlm. :billus ;c27,5 cm. a979-666-109-817aInd a621 a621 BUR j a621 JAC j L15-7 aJakarta :bBalai Pustaka,c2000. aPUPAD 4acahaya aIndeks hlm 64 a1013/H/ARPUS07 a4760/B/ARPUS/2008 a4761/B/ARPUS/2008 a1415/H/ARPUS/2007